[Event "Geraardsbergen op"]
[Site "Geraardsbergen"]
[Date "2003.08.16"]
[Round "5"]
[White "Van den Broeck, Jan"]
[Black "Achen, Denis"]
[Result "0-1"]
[WhiteElo "100"]
[BlackElo "1706"]
[PlyCount "74"]
[EventDate "2003.08.??"]
[EventType "swiss"]
[EventRounds "7"]
[EventCountry "BEL"]
[SourceTitle "EXT 2005"]
[Source "ChessBase"]
[SourceDate "2004.11.15"]
[SourceVersion "1"]
[SourceVersionDate "2004.11.15"]
[SourceQuality "1"]

1. d4 Nf6 2. c4 g6 3. Nc3 Bg7 4. e4 d6 5. Nf3 0-0 6. Be2 c6 7. 0-0 Bg4 8. h3 Bxf3 9. Bxf3 Nbd7 10. Be3 Qc7 11. Rc1 a6 12. Qb3 Rab8 13. Rfd1 Qb6 14. Qxb6 Nxb6 15. Be2 Nbd7 16. f3 h5 17. Bf2 Nh7 18. Bh4 Rfe8 19. g4 hxg4 20. hxg4 Bh6 21. Rb1 Be3+ 22. Kg2 Kg7 23. Bg3 g5 24. a4 Nhf8 25. Bf2 Bf4 26. Be1 Ng6 27. Bd2 Rh8 28. Bxf4 Nxf4+ 29. Kf2 Rh2+ 30. Ke3 Rbh8 31. b4 e6 32. b5 axb5 33. axb5 Ng2+ 34. Kd2 c5 35. dxc5 dxc5 36. Rdc1 Ne5 37. Rb2 Nf4 0-1

[Event "Geraardsbergen op"]
[Site "Geraardsbergen"]
[Date "2003.08.15"]
[Round "3"]
[White "Van den Broeck, Jan"]
[Black "Van Hove, Edward"]
[Result "1-0"]
[WhiteElo "100"]
[BlackElo "1676"]
[PlyCount "65"]
[EventDate "2003.08.??"]
[EventType "swiss"]
[EventRounds "7"]
[EventCountry "BEL"]
[SourceTitle "EXT 2005"]
[Source "ChessBase"]
[SourceDate "2004.11.15"]
[SourceVersion "1"]
[SourceVersionDate "2004.11.15"]
[SourceQuality "1"]

1. d4 d5 2. c4 c6 3. e3 Nf6 4. Nc3 Bf5 5. cxd5 cxd5 6. Bd3 Bxd3 7. Qxd3 Nbd7 8. Nf3 a6 9. 0-0 e6 10. Bd2 Bd6 11. Rac1 0-0 12. h3 Nb6 13. e4 dxe4 14. Nxe4 Be7 15. Ba5 Nfd5 16. Nc5 Qb8 17. Ne5 Bxc5 18. Rxc5 Rc8 19. Rfc1 Rxc5 20. Rxc5 Na4 21. Rc2 Nab6 22. Qf3 f6 23. Qg4 Qd6 24. Nf3 Nd7 25. Re2 Re8 26. a3 e5 27. dxe5 fxe5 28. Qc4 Kh8 29. Rd2 N7f6 30. g4 e4 31. Nh2 Qe5 32. Bc3 Nxc3 33. Qxc3 1-0